| 000 | 00448nam a22001817a 4500 | ||
|---|---|---|---|
| 003 | MPLRDC | ||
| 005 | 20220104124630.0 | ||
| 008 | 210129b ||||| |||| 00| 0 eng d | ||
| 020 | _a962-04-0768-7 | ||
| 082 | _a733.8 ZYS | ||
| 100 | _a郑宇硕编 | ||
| 245 |
_a过渡期的香港 _c |
||
| 250 | _a一版一刷 | ||
| 260 |
_a _b三联书店有限公司 _c1989 |
||
| 300 | _b平 | ||
| 650 | _a东亚诸岛屿--香港 | ||
| 942 |
_cBK _o733.8 ZYS |
||
| 999 |
_c20891 _d20881 |
||